00879cam a22002297a 4500003000500000005001700005008004100022010001000063011001000073035001100083040000900094100004400103245018300147260004300330300001900373502010800392650002300500650002800523650003000551650004100581650002700622CHAP20220329142908.0050119d2004 mx a r 00110 spa d a89329 a90301 a100857 cCHAP00aGarcía Ramírez, María de Jesús.10aBusqueda y evaluación de atrayentes alimenticios para Anastrepha ludens (Loew) (Diptera : Tephritidae), derivados de mango y naranjac/por María de Jesús García Ramírez aMontecillo, Méx. :bEl autor,c2004. a87 h. :bilus. aTesis (Doctor en Ciencias) - - C. P. Instituto de Fitosanidad. Programa en Entomología y Acarología14aAnastrepha ludens.14aFrutaxPlagasxControl.14aProteínas hidrolizadas.14aRepelentes y atrayentes de insectos.14aTrampas para insectos.